000 00295nam a22001337a 4500
008 170608b xxu||||| |||| 00| 0 eng d
020 _a095352339031997800049201
041 _aeng
080 _a94
100 _a18
101 _aSHH
245 _aGENDER& HISTORY
_cDAVIDOFF,L
942 _2udc
_cBK
999 _c16357
_d16357